000 01049nam a2200265 i 4500
003 IT-RoINE
005 20190109063123.0
008 141103s2014 sp |r|||| 000 | spa d
020 _a9788472996755
040 _aSpMaBN
_cSpMaBN
_dIT-RoINE
100 1 _aVarela Vázquez, David
_926822
245 1 0 _aCristo, centro de la historia, en la obra cristológica de Marcello Bordoni y Olegario González de Cardedal /
_cDavid Varela Vázquez.
260 _aSalamanca :
_bPublicaciones Universidad Pontificia,
_c2014.
300 _a397 p. ;
_c24 cm.
336 _aTexto (visual)
_2isbdcontent
337 _2rdamedia
_aunmediated
338 _2rdacarrier
_avolume
490 1 _aBibliotheca Salmanticensis.
_aEstudios ;
_v349
504 _aBibliografía: p. [387]-397.
600 1 4 _aBordoni, Marcello,
_d1930-2013
_926823
_xCrítica e interpretación
600 1 4 _aGonzález de Cardedal, Olegario,
_d1934-
_92965
_xCrítica e interpretación
650 4 _91495
_aCristología
830 0 _93087
_aBibliotheca Salmanticensis.
_pEstudios ;
_v349
942 _cMTS
999 _c13205
_d13205